[Event "TIPC 2008 GM"]
[Site "Charleroi"]
[Date "2008.07.31"]
[Round "7.1"]
[White "Hovhanisian, Mher"]
[Black "Van der Stricht, Geert"]
[Result "1-0"]
[WhiteElo "2458"]
[BlackElo "2426"]
[PlyCount "73"]
[EventDate "2008.??.??"]
[SourceDate "2008.07.26"]

1. c4 e6 2. Nf3 Nf6 3. g3 b6 4. Bg2 Bb7 5. O-O Be7 6. b3 O-O 7. Bb2 d5 8. Qc2
c5 9. Ng5 h6 10. Bxf6 hxg5 11. Bb2 Nc6 12. cxd5 Nb4 13. Qc1 Bxd5 14. a3 Bxg2
15. Kxg2 Qd5+ 16. Kg1 Nc6 17. Qc2 Na5 18. b4 cxb4 19. axb4 Bxb4 20. Bxg7 Rfc8
21. Qb2 Nc4 22. Qxb4 Kxg7 23. d3 Nd6 24. Qb2+ e5 25. Nd2 Rc5 26. Ra4 Rb5 27.
Qa1 a5 28. Nf3 f6 29. h4 gxh4 30. Rg4+ Kf7 31. Qc1 hxg3 32. Qc7+ Ke6 33. Rg7
gxf2+ 34. Rxf2 Rb1+ 35. Kg2 Nf5 36. e4 Ne3+ 37. Kg3 1-0

[Event "TIPC 2008 GM"]
[Site "Charleroi"]
[Date "2008.07.31"]
[Round "7.2"]
[White "Plachetka, Jan"]
[Black "Gharamian, Tigran"]
[Result "1/2-1/2"]
[WhiteElo "2381"]
[BlackElo "2560"]
[PlyCount "75"]
[EventDate "2008.??.??"]
[SourceDate "2008.07.26"]

1. d4 Nf6 2. Nf3 e6 3. c4 c5 4. e3 a6 5. Nc3 d5 6. cxd5 exd5 7. Be2 Be7 8. O-O
O-O 9. b3 Re8 10. Bb2 b6 11. Rc1 Bb7 12. dxc5 bxc5 13. Na4 Ne4 14. Nd2 Nd7 15.
Nxe4 dxe4 16. Bg4 Bc6 17. Bxd7 Bxd7 18. Nxc5 Bf5 19. Qxd8 Rexd8 20. Bd4 Rdc8
21. h3 h5 22. Rc4 Bxc5 23. Bxc5 Be6 24. Rc3 Rc6 25. Rfc1 Rac8 26. h4 Kh7 27.
Kh2 Kg6 28. a4 a5 29. b4 axb4 30. Bxb4 Rxc3 31. Bxc3 Rc4 32. a5 Bc8 33. Kg3 Kf5
34. Bd2 Rxc1 35. Bxc1 g6 36. Bb2 Bb7 37. f3 Ba6 38. Kf2 1/2-1/2

[Event "TIPC 2008 GM"]
[Site "Charleroi"]
[Date "2008.07.31"]
[Round "7.3"]
[White "Michiels, Bart"]
[Black "Vandevoort, Pascal"]
[Result "1/2-1/2"]
[WhiteElo "2442"]
[BlackElo "2409"]
[PlyCount "72"]
[EventDate "2008.??.??"]
[SourceDate "2008.07.26"]

1. e4 c5 2. Nf3 Nc6 3. d4 cxd4 4. Nxd4 Nf6 5. Nc3 e5 6. Ndb5 d6 7. Bg5 a6 8.
Na3 b5 9. Bxf6 gxf6 10. Nd5 Bg7 11. c3 f5 12. exf5 Bxf5 13. Nc2 Be6 14. g3 O-O
15. Bg2 f5 16. O-O a5 17. Qh5 b4 18. Rad1 Rc8 19. Rd2 bxc3 20. bxc3 Ne7 21.
Nce3 e4 22. Rfd1 Nxd5 23. Nxd5 Be5 24. Qh6 Bxd5 25. Rxd5 Qf6 26. Qxf6 Rxf6 27.
Rxa5 Rxc3 28. Ra8+ Kg7 29. a4 Ra3 30. a5 Rf8 31. Rxf8 Kxf8 32. Bh3 f4 33. gxf4
Bxf4 34. Bf5 Rxa5 35. Bxe4 Rh5 36. Rd3 Bxh2+ 1/2-1/2

[Event "TIPC 2008 GM"]
[Site "Charleroi"]
[Date "2008.07.31"]
[Round "7.4"]
[White "Dgebuadze, Alexandre"]
[Black "Terrieux, Kevin"]
[Result "1-0"]
[WhiteElo "2562"]
[BlackElo "2360"]
[PlyCount "77"]
[EventDate "2008.??.??"]
[SourceDate "2008.07.26"]

1. e4 c5 2. Nf3 Nc6 3. d4 cxd4 4. Nxd4 Nf6 5. Nc3 e5 6. Ndb5 d6 7. Bg5 a6 8.
Na3 b5 9. Bxf6 gxf6 10. Nd5 f5 11. Bd3 Be6 12. O-O Bxd5 13. exd5 Ne7 14. Re1
Bg7 15. Bf1 O-O 16. c4 b4 17. Nc2 a5 18. Qh5 f4 19. b3 f5 20. a3 bxa3 21. Nxa3
Rf6 22. Nb5 Rh6 23. Qd1 Ng6 24. b4 Qh4 25. h3 Qg5 26. Nc7 Nh4 27. Ne6 Rxe6 28.
dxe6 Kh8 29. Rxa5 Rg8 30. Qd5 f3 31. Ra8 Bf8 32. g3 f4 33. Rxf8 Rxf8 34. Qxd6
Ng6 35. e7 Rg8 36. g4 h5 37. Bd3 e4 38. Rxe4 hxg4 39. h4 1-0

[Event "TIPC 2008 GM"]
[Site "Charleroi"]
[Date "2008.07.31"]
[Round "7.5"]
[White "Rausis, Igor"]
[Black "Kraemer, Martin"]
[Result "0-1"]
[WhiteElo "2486"]
[BlackElo "2456"]
[PlyCount "80"]
[EventDate "2008.??.??"]
[SourceDate "2008.07.26"]

1. c4 e6 2. Nc3 d5 3. d4 Nf6 4. cxd5 exd5 5. Bg5 Be7 6. e3 O-O 7. Bd3 Nbd7 8.
Qc2 Re8 9. Nge2 c6 10. h3 Nf8 11. O-O-O Be6 12. Kb1 Rc8 13. Nf4 Bd7 14. g4 h6
15. Bxf6 Bxf6 16. Bf5 Ne6 17. Nxe6 Bxe6 18. e4 dxe4 19. Nxe4 Bxf5 20. gxf5 Bxd4
21. Rhg1 c5 22. f6 g6 23. Qc4 Kf8 24. Rg4 Qb6 25. Qc1 g5 26. h4 Rcd8 27. Rd2
Qe6 28. f3 Be3 29. hxg5 Rxd2 30. Nxd2 hxg5 31. Qc3 Bxd2 32. Qxc5+ Kg8 33. Rxg5+
Kh7 34. Rh5+ Kg6 35. a3 Qxf6 36. Rd5 Bh6 37. Qxa7 Re1+ 38. Ka2 Qe6 39. Qd4 Bg7
40. Qd3+ f5 0-1

[Event "TIPC 2008 GM"]
[Site "Charleroi"]
[Date "2008.08.01"]
[Round "8.2"]
[White "Terrieux, Kevin"]
[Black "Rausis, Igor"]
[Result "1/2-1/2"]
[WhiteElo "2360"]
[BlackElo "2486"]
[PlyCount "51"]
[EventDate "2008.??.??"]
[SourceDate "2008.07.26"]

1. d4 Nf6 2. c4 e6 3. Nc3 d5 4. cxd5 exd5 5. Bg5 Nbd7 6. e3 Be7 7. Bd3 O-O 8.
Nf3 c6 9. Qc2 Re8 10. O-O Nf8 11. Rae1 Ne4 12. Bxe7 Qxe7 13. Nd2 Nxd2 14. Qxd2
Be6 15. Ne2 f6 16. b4 a6 17. a4 Bf7 18. b5 axb5 19. axb5 Nd7 20. bxc6 bxc6 21.
Qc2 g6 22. Ra1 c5 23. dxc5 Qxc5 24. Nd4 Rec8 25. Rxa8 Rxa8 26. Rb1 1/2-1/2

[Event "TIPC 2008 GM"]
[Site "Charleroi"]
[Date "2008.08.01"]
[Round "8.3"]
[White "Vandevoort, Pascal"]
[Black "Dgebuadze, Alexandre"]
[Result "1/2-1/2"]
[WhiteElo "2409"]
[BlackElo "2562"]
[PlyCount "33"]
[EventDate "2008.??.??"]
[SourceDate "2008.07.26"]

1. e4 e6 2. d4 d5 3. Nd2 Nf6 4. e5 Nfd7 5. c3 c5 6. Bd3 Nc6 7. Ne2 Qb6 8. Nf3
cxd4 9. cxd4 f6 10. exf6 Nxf6 11. O-O Bd6 12. Bf4 Bxf4 13. Nxf4 O-O 14. Qd2 Kh8
15. Ng5 Nxd4 16. Bxh7 Nxh7 17. Ng6+ 1/2-1/2

[Event "TIPC 2008 GM"]
[Site "Charleroi"]
[Date "2008.08.02"]
[Round "9.1"]
[White "Plachetka, Jan"]
[Black "Van der Stricht, Geert"]
[Result "1/2-1/2"]
[WhiteElo "2381"]
[BlackElo "2426"]
[PlyCount "40"]
[EventDate "2008.??.??"]
[SourceDate "2008.07.26"]

1. d4 Nf6 2. Nf3 d5 3. c4 c6 4. Nc3 dxc4 5. a4 Bf5 6. e3 e6 7. Bxc4 Bb4 8. O-O
O-O 9. Qe2 Bg6 10. Ne5 Nbd7 11. Nxg6 hxg6 12. Rd1 Qe7 13. e4 e5 14. d5 Nb6 15.
dxc6 bxc6 16. a5 Nxc4 17. Qxc4 Qc5 18. Qxc5 Bxc5 19. Bg5 Rfd8 20. Bxf6 gxf6
1/2-1/2

[Event "TIPC 2008 GM"]
[Site "Charleroi"]
[Date "2008.08.02"]
[Round "9.3"]
[White "Dgebuadze, Alexandre"]
[Black "Gharamian, Tigran"]
[Result "1/2-1/2"]
[WhiteElo "2562"]
[BlackElo "2560"]
[PlyCount "43"]
[EventDate "2008.??.??"]
[SourceDate "2008.07.26"]

1. e4 e5 2. Nf3 Nf6 3. Nxe5 d6 4. Nf3 Nxe4 5. d3 Nf6 6. d4 d5 7. Bd3 Bd6 8. O-O
O-O 9. Bg5 Bg4 10. Nbd2 Nbd7 11. c3 c6 12. Qc2 Qc7 13. Bh4 Bh5 14. Bg3 Rfe8 15.
Rfe1 Bg6 16. Bxg6 hxg6 17. Bxd6 Qxd6 18. h3 Rxe1+ 19. Rxe1 Re8 20. Rxe8+ Nxe8
21. Qd1 Qe7 22. Qe1 1/2-1/2

[Event "TIPC 2008 GM"]
[Site "Charleroi"]
[Date "2008.08.02"]
[Round "9.4"]
[White "Rausis, Igor"]
[Black "Vandevoort, Pascal"]
[Result "1-0"]
[WhiteElo "2486"]
[BlackElo "2409"]
[PlyCount "33"]
[EventDate "2008.??.??"]
[SourceDate "2008.07.26"]

1. d4 Nf6 2. c4 e6 3. g3 c5 4. Nf3 cxd4 5. Nxd4 Nc6 6. Bg2 Bc5 7. Nb3 Be7 8.
Nc3 O-O 9. O-O d6 10. Bf4 e5 11. Bg5 Be6 12. Bxf6 Bxf6 13. Nd5 Bg5 14. e3 Rc8
15. Qd2 a5 16. Rac1 a4 17. Na1 1-0

[Event "TIPC 2008 GM"]
[Site "Charleroi"]
[Date "2008.08.02"]
[Round "9.2"]
[White "Michiels, Bart"]
[Black "Hovhanisian, Mher"]
[Result "0-1"]
[WhiteElo "2442"]
[BlackElo "2458"]
[PlyCount "68"]
[EventDate "2008.??.??"]
[SourceDate "2008.07.26"]

1. e4 e6 2. d4 d5 3. Nc3 h6 4. Bd3 Nc6 5. Nf3 Nb4 6. Be2 Nf6 7. e5 Ne4 8. O-O
c5 9. Nxe4 dxe4 10. Nd2 cxd4 11. Nxe4 Qd5 12. Re1 Qxe5 13. c3 Nc6 14. Bd3 Be7
15. Bd2 O-O 16. Ng3 Qd6 17. Nh5 e5 18. Qf3 Rd8 19. Rad1 Bf8 20. Bc1 Qe6 21. h3
f5 22. Qg3 Qf7 23. Be2 Kh7 24. cxd4 g6 25. d5 Ne7 26. d6 Ng8 27. Qh4 Rxd6 28.
Ng3 Rxd1 29. Bxd1 f4 30. Bb3 Qg7 31. Qd8 fxg3 32. fxg3 Qe7 33. Qxe7+ Nxe7 34.
Rf1 Bg7 0-1

[Event "TIPC 2008 GM"]
[Site "Charleroi"]
[Date "2008.08.02"]
[Round "5.5"]
[White "Kraemer, Martin"]
[Black "Terrieux, Kevin"]
[Result "1/2-1/2"]
[WhiteElo "2456"]
[BlackElo "2360"]
[PlyCount "32"]
[EventDate "2008.??.??"]
[SourceDate "2008.07.26"]

1. e4 c5 2. Nf3 Nc6 3. Bb5 g6 4. Bxc6 dxc6 5. h3 Bg7 6. d3 b6 7. O-O e5 8. a4
a5 9. Bd2 h5 10. Na3 f6 11. Nc4 Be6 12. Bc3 g5 13. Nfd2 Ne7 14. b3 Rb8 15. h4
Ng6 16. hxg5 fxg5 1/2-1/2